000
00350 a2200169 4500
001
56778
020
_a
8506008824
040
_c
Anchieta - Pituba
100
_a
Stewart, Diana
240
1
0
_a
A odisséia
_l
por
245
1
0
_a
A odisséia
300
_a
48
362
0
_a
2002
440
1
_a
Melhoramentos
650
4
_a
Literatura juvenil
942
_c
BK
999
_c
56778
_d
56778